000 00351nam a2200133Ia 4500
008 151001s9999||||xx |||||||||||||| ||und||
100 _aसुमन क्षेत्रमाडे
245 _aजीवनस्वप्न
250 _a1
260 _bविमल प्रकाशन
260 _c2011
300 _a540
365 _b21
999 _c999896
_d999893